| 000 | 00000nam##2200000za#4500 |
| 001 | 9.618053 |
| 003 | CaOODSP |
| 005 | 20210615102601 |
| 007 | ta |
| 008 | 150406|2006||||xxc||||| f|0| 0 eng|d |
| 040 | |aCaOODSP|beng |
| 043 | |an-cn--- |
| 086 | 1 |aNH18-22/106-113E |
| 110 | 2 |aCanada Mortgage and Housing Corporation. |
| 245 | 10|aGreen roofs : |ba resource manual for municipal policy makers |
| 260 | |bCanada Mortgage and Housing Corporation |c2006. |
| 300 | |a3, [1]p. : |btable, photographs ; |c28 cm. |
| 490 | 1 |aResearch highlight. Technical series|v06-113 |
| 520 | 3 |aThese technical papers summarize a wide range of housing-related studies, reports, and manuals. They examine issues as diverse as low-maintenance northern landscaping; policy options for achieving healthy indoor air quality; and various aspects of building performance, including high-rise building envelope performance, performance of various building materials, and evaluations of district heating systems. |
| 563 | |aPamphlet |
| 590 | |a06-47|b2006-11-24 |
| 690 | 07|aDrainage|2gcpds |
| 690 | 07|aEnvironmental programs|2gcpds |
| 690 | 07|aLocal government|2gcpds |
| 690 | 07|aBuildings|2gcpds |
| 775 | 08|tToits verts : |w(CaOODSP)9.627330 |
| 776 | 0#|tGreen roofs : |w(CaOODSP)9.581198 |
| 830 | #0|aResearch highlight. Technical series ;|v06-113|w(CaOODSP)9.514826 |